Penélope en la granja (Registro nro. 6868)
[ vista simple ]
| 000 -CABECERA | |
|---|---|
| Longitud fija campo de control | 01055nam a2200313Ia 4500 |
| 005 - • FECHA Y HORA DE LA ÚLTIMA TRANSACCIÓN | |
| Fecha y hora de la última transacción | 20220317001411.0 |
| 008 - • CÓDIGOS DE INFORMACIÓN DE LONGITUD FIJA | |
| Códigos de información de longitud fija | 161108s2004 sp a g 000 0 spa |
| 020 ## - • NÚMERO INTERNACIONAL NORMALIZADO PARA LIBROS | |
| Número Internacional Normalizado para Libros (ISBN) | 9788426133663 |
| 020 ## - • NÚMERO INTERNACIONAL NORMALIZADO PARA LIBROS | |
| Número Internacional Normalizado para Libros (ISBN) | 8426133665 |
| 040 ## - FUENTE DE LA CATALOGACIÓN | |
| Centro catalogador de origen | CO-BoRNBP |
| Lengua de catalogación | spa |
| Normas de descripción | rda |
| Centro transcriptor | CO-BoRNBP |
| 084 ## - • Clasificación Local Alfanúmerica PNLB | |
| Número de clasificación | A GUT1 |
| 100 1# - • PUNTO DE ACCESO PRINCIPAL-NOMBRE DE PERSONA | |
| Nombre de persona | Gutman, Anne |
| 245 10 - • TITULO PROPIAMENTE DICHO | |
| Título | Penélope en la granja |
| Mención de responsabilidad, etc. | Anne Gutman, Georg Hallensleben ; traducción Anna María Ascolies |
| 250 ## - • MENCIÓN DE EDICIÓN | |
| Mención de edición | 1a. edición |
| 264 ## - PRODUCCIÓN, PUBLICACIÓN , DISTRIBUCIÓN, FABRICACIÓN Y COPYRIGHT | |
| Lugar de producción, publicación, distribución, fabricación | Barcelona |
| Nombre del productor, editor, distribuidor, fabricante | Juventud |
| Fecha de de producción, publicación, distribución, fabricación o copyright | 2004 |
| 300 ## - • DESCRIPCIÓN FÍSICA | |
| Extensión | [10] páginas |
| Otras características físicas | ilustraciones en color |
| Dimensiones | 23 cm |
| 336 ## - TIPO DE CONTENIDO | |
| Término de tipo de contenido | texto |
| Código de tipo de contenido | txt |
| Fuente | rdacontent |
| 337 ## - TIPO DE MEDIO | |
| Nombre del tipo de medio | sin mediación |
| Código del tipo de medio | n |
| Fuente | rdamedia |
| 338 ## - TIPO DE SOPORTE | |
| Nombre del tipo de soporte | volumen |
| Código del tipo de soporte | nc |
| Fuente | rdacarrier |
| 490 ## - • MENCIÓN DE SERIE | |
| Mención de serie | Un libro animado |
| 534 ## - • Nota De Versión Original | |
| Título | Pénélope a la ferme |
| 650 14 - • PUNTO DE ACCESO ADICIONAL DE MATERIA - TÉRMINO DE MATERIA | |
| Fuente del encabezamiento o término | LEMB |
| Término de materia o nombre geográfico como elemento inicial | Álbumes infantiles franceses |
| 650 14 - • PUNTO DE ACCESO ADICIONAL DE MATERIA - TÉRMINO DE MATERIA | |
| Fuente del encabezamiento o término | LEMB |
| Término de materia o nombre geográfico como elemento inicial | Literatura infantil francesa |
| 650 14 - • PUNTO DE ACCESO ADICIONAL DE MATERIA - TÉRMINO DE MATERIA | |
| Fuente del encabezamiento o término | LEMB |
| Término de materia o nombre geográfico como elemento inicial | Animales en la literatura |
| 650 14 - • PUNTO DE ACCESO ADICIONAL DE MATERIA - TÉRMINO DE MATERIA | |
| Fuente del encabezamiento o término | LEMB |
| Término de materia o nombre geográfico como elemento inicial | Libros ilustrados para niños |
| 700 1# - • PUNTO DE ACCESO ADICIONAL - NOMBRE DE PERSONA | |
| Nombre de persona | Hallensleben, Georg |
| 700 1# - • PUNTO DE ACCESO ADICIONAL - NOMBRE DE PERSONA | |
| Nombre de persona | Ascolies, Ana Maria |
| Término indicativo de función | traductor |
| 942 ## - ENTRADA DE ELEMENTOS AGREGADOS (KOHA) | |
| Fuente de clasificaión o esquema | |
| Koha [por defecto] tipo de item | Libro Literatura |
No hay ítems disponibles.